[Event "11th European Senior Team"]
[Site "Velden AUT"]
[Date "2009.04.12"]
[Round "8"]
[White "Glauser,H"]
[Black "Chernikov,O1"]
[Result "0-1"]
[WhiteElo "2174"]
[BlackElo "2388"]

1.e4 c5 2.Nf3 d6 3.d4 cxd4 4.Nxd4 Nf6 5.Nc3 Nc6 6.Bg5 g6 7.Bxf6 exf6 8.Qd2 Bg7
9.O-O-O O-O 10.Nb3 f5 11.exf5 Bxf5 12.Qxd6 Qb6 13.Qc5 Nb4 14.Qxb6 axb6 15.Nd4 Rfc8
16.Nxf5 gxf5 17.Bd3 Rxc3 18.bxc3 Bxc3 19.Rdf1 Rxa2 20.Kd1 Nxd3 21.Ke2 Nf4+
22.Kf3 Bd2 23.Rb1 Rxc2 24.Rb3 b5 25.g3 Ne6 26.Rd3 Bc3  0-1

[Event "ArcelorMittal Open"]
[Site "Frydek Mistek CZE"]
[Date "2009.04.13"]
[Round "9"]
[White "Mandon,F"]
[Black "Rakay,K"]
[Result "1-0"]
[WhiteElo "2257"]
[BlackElo "2114"]

1.e4 c5 2.Nf3 d6 3.d4 cxd4 4.Nxd4 Nf6 5.Nc3 Nc6 6.Bg5 e6 7.Qd2 a6 8.O-O-O Bd7
9.f4 h6 10.Bh4 Nxe4 11.Qe1 Nf6 12.Nf5 Qa5 13.Nxd6+ Bxd6 14.Rxd6 O-O-O 15.Be2 Ne7
16.Qf2 Nf5 17.Bxf6 Nxd6 18.Bxg7 Rhg8 19.Bf6 Bc6 20.Bxd8 Rxd8 21.Rd1 b5 22.Qc5 Qc7
23.g3 Kb7 24.a3 Ne4 25.Nxe4 Rxd1+ 26.Bxd1 Bxe4 27.Qxc7+ Kxc7 28.Kd2 Kd6 29.Ke3 Bg6
30.c3 Kc5 31.Be2 f6 32.Bd3 Be8 33.g4 Kd5 34.b3 e5 35.c4+ Kd6 36.b4 bxc4 37.Bxc4 Bb5
38.Bb3 Bd7 39.Bc4 Bb5 40.Bb3 Bd7 41.Kf3 Bc6+ 42.Kg3 Bd7 43.Bf7 Ke7 44.Bc4 Bb5
45.Bxb5 axb5 46.Kf3 Kd6 47.Ke4 Ke6 48.h4 Kf7 49.g5  1-0

[Event "CCF Easter"]
[Site "Coulsdon ENG"]
[Date "2009.04.15"]
[Round "4"]
[White "Ermenkov,Evgenij"]
[Black "Madan,A"]
[Result "0-1"]
[WhiteElo "2456"]
[BlackElo "2395"]

1.e4 c5 2.Nf3 d6 3.d4 cxd4 4.Nxd4 Nf6 5.Nc3 Nc6 6.Bg5 Bd7 7.Qd2 Rc8 8.f4 Qa5
9.Nb3 Qd8 10.O-O-O h6 11.Bxf6 gxf6 12.Bd3 h5 13.Kb1 e6 14.g3 a6 15.Bf1 b5
16.Bh3 Qb6 17.Ne2 b4 18.c4 bxc3 19.Nxc3 a5 20.f5 e5 21.Nd5 Qd8 22.Nc5 Bh6
23.Qd3 Nb4 24.Nxb4 Rxc5 25.Nd5 Bc6 26.Qe2 Bg5 27.Bg2 h4 28.g4 h3 29.Bf3 Qc8
30.Nc3 Qb7 31.Ka1 Qb4 32.Rd3 O-O 33.Rhd1 Rc8 34.a3 Qb3 35.Nb1 Qc2 36.Nc3 Qb3
37.Nb1 Qc4 38.Rxd6 Qxe2 39.Bxe2 Bxe4 40.Nc3 Rxc3 41.bxc3 Rxc3 42.Bd3 Bf3
43.Rd8+ Kg7 44.Kb2 Bxd1 45.Kxc3 Bxg4 46.Be4 Bf4 47.Ra8 Bxh2 48.Rxa5 Bg1 49.Ra8 Be2
50.Rd8 Bf1 51.Rd3 Bxd3 52.Kxd3 Kh6 53.Ke2 h2 54.a4 Kg5 55.a5 Kf4 56.Kd3 Ba7
57.a6 Bg1  0-1

[Event "80th Viktor Kart Jubilee"]
[Site "Lvov UKR"]
[Date "2009.04.17"]
[Round "8"]
[White "Stets,D"]
[Black "Ipatov,A ESP"]
[Result "1/2-1/2"]
[WhiteElo "2422"]
[BlackElo "2486"]

1.e4 c5 2.Nf3 Nc6 3.d4 cxd4 4.Nxd4 Nf6 5.Nc3 d6 6.Bg5 e6 7.Qd2 Be7 8.O-O-O Qb6
9.Nb3 O-O 10.h4 Rd8 11.h5 a6 12.h6 g6 13.Qf4 Ne8 14.Bxe7 Nxe7 15.Qh4 Qc7
16.f4 Nc6 17.Nd4 Qe7 18.Qf2 Nxd4 19.Qxd4 b5 20.g3 Bb7 21.Bg2 Rac8 22.Kb1 Rc4
23.Qe3 Rdc8 24.Rd4 Qc7 25.Rxc4 Qxc4 26.a3 Qc5 27.Qd2 a5 28.Rd1 b4 29.axb4 axb4
30.Na2 Nf6 31.Re1 b3 32.cxb3 Qb6 33.Nc3 Qb4 34.e5 Bxg2 35.Qxg2 dxe5 36.fxe5 Nd5
37.Rc1 Qxb3 38.Qd2 Nb4 39.Rd1 Nd5 40.Nxd5 exd5 41.Qd3 Qxd3+ 42.Rxd3 Kf8 43.Rxd5 Ke7
44.Ka2 Ra8+ 45.Kb3 Ke6 46.Rc5 Ra1 47.Kc4 Rg1 48.Kd4 Rxg3 49.Rc6+ Ke7 50.b4 Rg4+
51.Kc5 Re4 52.e6 Re5+ 53.Kb6 Rxe6 54.b5 g5 55.Rxe6+ Kxe6 56.Kc6 g4 57.b6 g3
58.b7 g2 59.b8=Q g1=Q 60.Qe8+ Kf6 61.Qh8+ Kf5 62.Qg7 Qg6+ 63.Kd5 Kg5 64.Kd4 Kh5
65.Ke5 Qg5+ 66.Kd4 Qg6 67.Ke5 Qe6+ 68.Kd4 Qd6+ 69.Kc3 Qg6 70.Kd4 f6 71.Qc7 Qxh6
72.Qh2+ Kg6 73.Qc2+ Kg7 74.Qc7+ Kg8 75.Qc4+ Kf8 76.Qc8+ Kf7 77.Qc7+ Kg6 78.Qc2+ f5
79.Qc6+ Kh5 80.Qh1+ Kg5 81.Qg2+ Kh5 82.Qh1+ Kg6 83.Qc6+ Kg7 84.Qd7+ Kf6 85.Qc6+  1/2-1/2

[Event "7th V.Nabokov Mem"]
[Site "Kyiv UKR"]
[Date "2009.04.22"]
[Round "11"]
[White "Pavlov,S2"]
[Black "Baryshpolets,A"]
[Result "0-1"]
[WhiteElo "2465"]
[BlackElo "2423"]

1.e4 c5 2.Nf3 Nc6 3.d4 cxd4 4.Nxd4 Nf6 5.Nc3 d6 6.Bg5 e6 7.Qd2 a6 8.O-O-O h6
9.Nxc6 bxc6 10.Bf4 d5 11.Qe3 Qa5 12.Be2 dxe4 13.Nxe4 Nd5 14.Rxd5 cxd5 15.Nd6+ Bxd6
16.Bxd6 Qd8 17.Ba3 Qc7 18.Kb1 Bb7 19.c4 dxc4 20.Rc1 Bd5 21.b3 Qb7 22.Qe5 f6
23.Bh5+ Kd8 24.Qd6+ Qd7 25.Qb4 Qb7 26.Qd6+ Qd7 27.Qb4 Qb7 28.Qa5+ Qc7 29.Qd2 Rb8
30.Bb2 Qd6 31.Ka1 cxb3 32.Bf3 Ke7 33.Qa5 Qb6 34.Ba3+ Kf7 35.Rc7+ Kg6 36.Qc3 b2+
37.Bxb2 Qxb2+ 38.Qxb2 Rxb2 39.Kxb2 Bxf3 40.gxf3 Rd8 41.Kc2 Rd4  0-1

[Event "11th Open St-Quentin en Yvelines"]
[Site "Elancourt FRA"]
[Date "2009.04.25"]
[Round "9"]
[White "Sanchez,Joseph"]
[Black "Guliyev,N"]
[Result "1/2-1/2"]
[WhiteElo "2483"]
[BlackElo "2534"]

1.e4 c5 2.Nf3 Nc6 3.d4 cxd4 4.Nxd4 Nf6 5.Nc3 d6 6.Bg5 e6 7.Qd2 a6 8.O-O-O Bd7
9.f3 h6 10.Be3 b5 11.Bd3 Ne5 12.Rhe1 Qc7 13.Kb1 Be7 14.f4 b4 15.Nce2 Nc4
16.Bxc4 Qxc4 17.Ng3 a5 18.e5 dxe5 19.Nf3 exf4 20.Bxf4 Rd8 21.Bd6 Bxd6 22.Qxd6 Qc6
23.Ne5 Qxd6 24.Rxd6 Ke7 25.Ra6 g6 26.Rxa5 Ra8 27.Rxa8 Rxa8 28.Nxd7 Nxd7 29.Re4 Rb8
30.Ne2 f5 31.Rh4 h5 32.c3 bxc3 33.Nxc3 Nc5 34.Kc2 e5 35.Rc4 Ne6 36.b4 Nd4+
37.Kd3 h4 38.a4 h3 39.gxh3 Rh8 40.Rc7+ Kd6 41.Rg7 Rxh3+ 42.Kc4 Rh4 43.Rxg6+ Ne6+
44.Kb3 e4 45.a5 Ke5 46.a6 Rh8 47.b5 f4 48.a7 f3 49.Rh6 Rf8 50.Rh5+ Kf4 51.Nd5+ Kg4
52.Re5 f2 53.Rxe6 Kf3 54.a8=Q Rxa8 55.Rf6+ Ke2 56.Nc3+ Ke1 57.Nxe4 f1=Q 58.Rxf1+ Kxf1
59.Kb4 Kg2 60.b6 Rb8 61.Kb5 Kxh2  1/2-1/2

[Event "ch-Moscow men"]
[Site "Moscow RUS"]
[Date "2009.04.25"]
[Round "3"]
[White "Nikolenko,O"]
[Black "Vorobiov,E"]
[Result "0-1"]
[WhiteElo "2524"]
[BlackElo "2596"]

1.e4 c5 2.Nf3 Nc6 3.d4 cxd4 4.Nxd4 Nf6 5.Nc3 d6 6.Bg5 e6 7.Qd2 a6 8.O-O-O Be7
9.f3 Nxd4 10.Qxd4 b5 11.e5 dxe5 12.Qxe5 Qb6 13.Be3 Qb8 14.Qxb8 Rxb8 15.Bf4 Rb6
16.Bd3 Bb7 17.Rhe1 O-O 18.Be3 Rc6 19.Bg5 Rfc8 20.Bxf6 gxf6 21.Be4 R6c7 22.Bxb7 Rxb7
23.Re2 f5 24.Rd3 h5 25.Nd1 Kg7 26.c3 h4 27.Kc2 b4 28.Nf2 Bf6 29.Nd1 a5 30.g4 hxg3
31.hxg3 a4 32.g4 a3 33.gxf5 axb2 34.Kb1 bxc3 35.Rc2 Rh8 36.Rg2+ Kf8 37.fxe6 fxe6
38.Re2 Rh1 39.f4 Rb4  0-1

[Event "NK Jeugd A"]
[Site "Venlo NED"]
[Date "2009.04.26"]
[Round "3"]
[White "Swinkels,R"]
[Black "Van Kampen,R"]
[Result "0-1"]
[WhiteElo "2499"]
[BlackElo "2348"]

1.e4 c5 2.Nf3 d6 3.d4 cxd4 4.Nxd4 Nf6 5.Nc3 Nc6 6.Bg5 e6 7.Qd2 a6 8.O-O-O Bd7
9.f3 h6 10.Be3 b5 11.Nxc6 Bxc6 12.Bd3 Qc7 13.Kb1 Be7 14.Ne2 Bb7 15.Nd4 Nd7
16.Rhe1 d5 17.Bf4 Qb6 18.exd5 Bxd5 19.Nf5 exf5 20.Bxf5 Nf6 21.Qb4 Be6 22.Bd6 a5
23.Rxe6 O-O 24.Bxe7 fxe6 25.Qc5 Rfb8 26.Bg6 Qxc5 27.Bxc5 Rd8 28.Rxd8+ Rxd8
29.Bd3 Kf7 30.a3 Rb8 31.Bd6 Rb7 32.b3 Nd5 33.Be5 g5 34.g3 b4 35.Kb2 Ra7 36.Bd4 Rc7
37.Be5 Rc8 38.a4 Rd8 39.Kc1 Rd7 40.Kd2 Rd8 41.Ke2 Rc8 42.Kf2 Rd8 43.h3 Rc8
44.Ke2 Rd8 45.Kf2 Rc8 46.Bb2 Rc7 47.Bd4 Rd7 48.Be5 Rd8 49.Bb2 Rc8 50.Bc1 Kf6
51.f4 gxf4 52.gxf4 Rg8 53.Bh7 Rg7 54.Be4 Nc3 55.Bd3 h5 56.Bf1 h4 57.Bg2 Rg3
58.Bf3 Rxh3 59.Be3 Rh2+ 60.Kg1 Rxc2 61.Bb6 Kf5 62.Bxa5 Kxf4 63.Bb7 Nd5 64.Bxd5 exd5
65.Bxb4 Rb2 66.Bd6+ Kf3 67.b4 d4 68.Be7 d3  0-1

[Event "Moscow Region Spring GM"]
[Site "Serpukhov RUS"]
[Date "2009.05.01"]
[Round "1"]
[White "Can,E"]
[Black "Bagrationi,A"]
[Result "1-0"]
[WhiteElo "2461"]
[BlackElo "2370"]

1.e4 c5 2.Nf3 d6 3.d4 cxd4 4.Nxd4 Nf6 5.Nc3 Nc6 6.Bg5 Bd7 7.Qd2 Rc8 8.Nxc6 bxc6
9.O-O-O Qa5 10.Bc4 h6 11.Bxf6 gxf6 12.f4 h5 13.Kb1 Rb8 14.e5 fxe5 15.fxe5 Bg7
16.Rhf1 Be6 17.Bb3 Bxe5 18.Qd3 Bxc3 19.bxc3 c5 20.Kc1 d5 21.Qg3 Qa3+ 22.Kb1 Rd8
23.Qe5 Rh6 24.Qg7 Rg6 25.Qh8+ Kd7 26.Qe5 Kc8 27.Ka1 Qa5 28.Bc4 dxc4 29.Rxd8+ Qxd8
30.Rb1 Qd6 31.Qh8+ Kd7 32.Rb7+ Kc6 33.Qa8 Kd5 34.Rb6+ Ke5 35.Rxd6 exd6 36.g3 Rg5
37.Qxa7 h4 38.Qe7 f6 39.gxh4 Rh5 40.Qg7 Rxh4 41.Qg3+ Rf4 42.a4 Bd5 43.a5 Kf5
44.a6 Rf3 45.Qxd6 Be4 46.a7 Rxc3 47.Qxc5+ Kf4 48.a8=Q  1-0

[Event "IV Tch-ESP Selecciones Autonomicas"]
[Site "Villava ESP"]
[Date "2009.05.01"]
[Round "2"]
[White "Almagro Llamas,P"]
[Black "Huerga Leache,M"]
[Result "0-1"]
[WhiteElo "2479"]
[BlackElo "2451"]

1.e4 c5 2.Nf3 d6 3.d4 cxd4 4.Nxd4 Nf6 5.Nc3 Nc6 6.Bg5 e6 7.Qd2 a6 8.O-O-O Bd7
9.Kb1 h6 10.Bh4 Nxe4 11.Nxe4 Qxh4 12.Nxd6+ Bxd6 13.Nxc6 Bxc6 14.Qxd6 Qd8
15.Qxd8+ Rxd8 16.Rxd8+ Kxd8 17.f3 h5 18.h4 Ke7 19.Be2 Rd8 20.Kc1 Kf6 21.g3 e5
22.Rd1 Rxd1+ 23.Kxd1 g5 24.Kd2 Kg6 25.Ke3 f5 26.hxg5 Kxg5 27.f4+ exf4+ 28.gxf4+ Kg6
29.b4 a5 30.b5 Be4 31.c4 h4 32.Bf1 Kf6 33.Kd4 b6 34.c5 Ke6 35.cxb6 Kd6 36.Bh3 Bb1
37.a3 Be4 38.Bf1 Bb7 39.Bh3 Be4 40.Ke3 Kd7 41.Kf2 Kc8 42.Kg1 Kb7 43.Kh2 Bd3
44.a4 Kxb6 45.Kg2 Bc2 46.Kf2 Bxa4 47.Bxf5 Bxb5 48.Be6 Kc5 49.f5 Kd6 50.Kg2 Bd7  0-1

[Event "IV Tch-ESP Selecciones Autonomicas"]
[Site "Villava ESP"]
[Date "2009.05.01"]
[Round "2"]
[White "Arribas Lopez,A"]
[Black "Zamarbide Inarrea,D"]
[Result "1-0"]
[WhiteElo "2379"]
[BlackElo "2150"]

1.e4 c5 2.Nf3 d6 3.d4 cxd4 4.Nxd4 Nf6 5.Nc3 Nc6 6.Bg5 Bd7 7.Qd2 Rc8 8.Nxc6 Bxc6
9.Bxf6 gxf6 10.O-O-O Qa5 11.Kb1 e6 12.f4 a6 13.Be2 f5 14.exf5 Qxf5 15.Bd3 Qc5
16.f5 Bg7 17.fxe6 O-O 18.exf7+ Rxf7 19.Rhf1 Be8 20.Nd5 Kh8 21.Bf5 Qb5 22.Qb4 Qxb4
23.Nxb4 Rc4 24.a3 a5 25.Nd5 Rc5 26.g4 Bc6 27.Nf4 Rb5 28.b3 Be5 29.h4 Be4
30.Bxe4 Rxf4 31.Rxf4 Bxf4 32.Rf1 Bg3 33.Rf7 Re5 34.Bxh7 Re1+ 35.Kb2 Be5+
36.c3 Re3 37.g5 Rxc3 38.g6 Rh3+ 39.Kc2 Rxh4 40.Rxb7 Rf4 41.b4 a4 42.Ra7 Rf2+
43.Kd1 Ra2 44.Rxa4 Bb2 45.Ra8+ Kg7 46.Kc2 Be5+ 47.Kb3 Rb2+ 48.Kc4 Rc2+ 49.Kd5 Ra2
50.b5 Rd2+ 51.Ke6 Bb2 52.b6  1-0

[Event "84th ch-ARG Semifinal"]
[Site "La Plata ARG"]
[Date "2009.05.02"]
[Round "4"]
[White "Perez Ponsa,F"]
[Black "Alonso,S"]
[Result "1/2-1/2"]
[WhiteElo "2390"]
[BlackElo "2441"]

1.e4 c5 2.Nf3 Nc6 3.d4 cxd4 4.Nxd4 Nf6 5.Nc3 d6 6.Bg5 e6 7.Qd2 Be7 8.O-O-O Nxd4
9.Qxd4 O-O 10.f4 Qa5 11.e5 dxe5 12.Qxe5 Qxe5 13.fxe5 Nd5 14.Bxe7 Nxe7 15.Bd3 b6
16.Be4 Rb8 17.Rhe1 Bb7 18.Rd7 Bxe4 19.Rxe4 Nc6 20.Nb5 Rfd8 21.Rd6 Rbc8 22.Rc4 Nxe5
23.Rxc8 Rxc8 24.Nxa7 Rb8 25.Nc6 Nxc6 26.Rxc6 Kf8 27.Rc7 e5 28.a4 Rd8 29.b4 e4
30.Rc3 Rd4 31.Rb3 e3 32.Rxe3 Rxb4 33.Rb3 Rxa4 34.Rxb6 Rg4 35.g3 h5 36.Kd2  1/2-1/2

[Event "2nd Mayors Cup"]
[Site "Mumbai IND"]
[Date "2009.05.02"]
[Round "2"]
[White "Rao J.,M"]
[Black "Gupta,Ab"]
[Result "0-1"]
[WhiteElo "2142"]
[BlackElo "2570"]

1.e4 c5 2.Nf3 d6 3.d4 cxd4 4.Nxd4 Nf6 5.Nc3 Nc6 6.Bg5 e6 7.Qd2 a6 8.O-O-O Bd7
9.f4 b5 10.Nxc6 Bxc6 11.Qe1 Be7 12.Bxf6 gxf6 13.f5 Qb6 14.Bd3 Qc5 15.Kb1 a5
16.fxe6 fxe6 17.Qg1 Qxg1 18.Rhxg1 b4 19.Nb5 Bd7 20.g3 Rc8 21.Rg2 f5 22.exf5 e5
23.c4 Bg5 24.h4 Bh6  0-1

[Event "2nd Mayors Cup"]
[Site "Mumbai IND"]
[Date "2009.05.02"]
[Round "2"]
[White "Rao J.,M"]
[Black "Gupta,Ab"]
[Result "0-1"]
[WhiteElo "2142"]
[BlackElo "2570"]

1.e4 c5 2.Nf3 d6 3.d4 cxd4 4.Nxd4 Nf6 5.Nc3 Nc6 6.Bg5 e6 7.Qd2 a6 8.O-O-O Bd7
9.f4 b5 10.Nxc6 Bxc6 11.Qe1 Be7 12.Bxf6 gxf6 13.f5 Qb6 14.Bd3 Qc5 15.Kb1 a5
16.fxe6 fxe6 17.Qg1 Qxg1 18.Rhxg1 b4 19.Nb5 Kf7 20.Nd4 Bd7 21.Bb5 Bxb5 22.Nxb5 Rad8
23.Rd3 Rhg8 24.g3 Rg5 25.Nd4 Rc8 26.Nf3 Rgc5 27.Rg2 f5 28.exf5 Rxf5 29.Nd2 e5
30.c4 Ke6 31.a3 Rcf8 32.axb4 axb4 33.Nb3 Rf1+ 34.Kc2 Bg5 35.h4 Bh6 36.Na5 e4
37.Rd4 e3  0-1

[Event "IV Tch-ESP Selecciones Autonomicas"]
[Site "Villava ESP"]
[Date "2009.05.02"]
[Round "5"]
[White "Garcia Moral Garcia,J"]
[Black "De la Villa Garcia,J"]
[Result "1/2-1/2"]
[WhiteElo "2324"]
[BlackElo "2476"]

1.e4 c5 2.Nf3 d6 3.d4 cxd4 4.Nxd4 Nf6 5.Nc3 Nc6 6.Bg5 e6 7.Qd2 Be7 8.O-O-O a6
9.f3 Nxd4 10.Qxd4 O-O 11.h4 b5 12.Kb1 Bb7 13.a3 Qc7 14.g4 Rac8 15.Qd2 d5
16.e5 d4 17.Bxf6 gxf6 18.exf6 Bxf6 19.Bd3 Bg7 20.Ne4 Bxe4  1/2-1/2

[Event "IV Tch-ESP Selecciones Autonomicas"]
[Site "Villava ESP"]
[Date "2009.05.02"]
[Round "5"]
[White "Martin Alvarez,I"]
[Black "Andres Gonzalez,I"]
[Result "1/2-1/2"]
[WhiteElo "2236"]
[BlackElo "2364"]

1.e4 c5 2.Nf3 Nc6 3.d4 cxd4 4.Nxd4 Nf6 5.Nc3 d6 6.Bg5 Bd7 7.Qd2 Rc8 8.O-O-O Nxd4
9.Qxd4 Qa5 10.Be3 a6 11.Kb1 e5 12.Qb6 Qxb6 13.Bxb6 Rc6 14.Ba7 Be7 15.f3 O-O
16.Be3 Be6 17.Nd5 Bxd5 18.exd5 Rcc8 19.c4 Nd7 20.Be2 Bd8 21.b4 Bb6 22.Bxb6 Nxb6
23.Rc1 Rc7 24.Rc2 Rfc8 25.Rhc1 Kf8 26.Bd3 g6 27.g4 Ke7 28.Kb2 h6 29.Kb3 Nd7
30.h4 Nf6 31.Be4 Nd7 32.Bd3 a5 33.a3 b6 34.Rh1  1/2-1/2

[Event "FSFMB May"]
[Site "Budapest HUN"]
[Date "2009.05.03"]
[Round "2"]
[White "Szoukup,I"]
[Black "Pollak,A"]
[Result "1-0"]
[WhiteElo "1839"]
[BlackElo "1711"]

1.e4 d6 2.d4 c5 3.Nf3 cxd4 4.Nxd4 Nf6 5.Nc3 Nc6 6.Bg5 a6 7.Qd2 Qb6 8.O-O-O Qxd4
9.Qxd4 Nxd4 10.Rxd4 Ng4 11.f3 Ne5 12.Nd5 Rb8 13.Nc7+ Kd8 14.Nd5 h6 15.Be3 Nc6
16.Rd2 b5 17.Be2 Be6 18.Kb1 Bxd5 19.Rxd5 g6 20.Rhd1 Bg7 21.f4 Ke8 22.Bf3 Nb4
23.R5d2  1-0

[Event "2nd Mayors Cup"]
[Site "Mumbai IND"]
[Date "2009.05.03"]
[Round "3"]
[White "Padmini,R"]
[Black "Bakre,T"]
[Result "0-1"]
[WhiteElo "2238"]
[BlackElo "2452"]

1.e4 c5 2.Nf3 d6 3.d4 cxd4 4.Nxd4 Nf6 5.Nc3 Nc6 6.Bg5 Qb6 7.Nb3 e6 8.Qe2 a6
9.O-O-O Qc7 10.g4 b5 11.Bg2 Bb7 12.f4 Be7 13.Kb1 h6 14.Bh4 g5 15.fxg5 Nd7
16.e5 Ndxe5 17.Ne4 O-O-O 18.h3 d5 19.Nec5 hxg5 20.Bg3 Bd6 21.Bf2 Nc4 22.Rhf1 Bxc5
23.Nxc5 Qe5 24.Qxe5 N4xe5 25.Be3 Rdg8 26.b3 Rh7 27.Kb2 Kc7 28.a4 b4 29.c3 bxc3+
30.Kxc3 a5 31.Kd2 Nd7 32.Rc1 Nxc5 33.Rxc5 Kd6 34.Rfc1 f6 35.Rb5 Ba8 36.Bc5+ Kd7
37.Bb6 Rb8 38.Rcc5 Kd6 39.Bxa5 Nxa5 40.Rxb8 Nxb3+ 41.Rxb3 Kxc5 42.Rb5+ Kd6
43.Rb6+ Bc6 44.Bf1 Kc5 45.Ra6 e5 46.Ra5+ Kd4 47.Ra6 Rc7 48.Bb5 Bxb5 49.axb5 Rb7
50.Rxf6 Rxb5 51.Rf5 Rb3 52.Rxg5 Rxh3 53.Rh5 Rg3 54.g5 e4 55.Ke2 Rg4 56.Kf2 Kd3
57.g6 d4 58.Ra5 Rxg6 59.Ra3+ Kc2 60.Ra2+ Kb3 61.Ra5 e3+  0-1

[Event "2nd Mayors Cup"]
[Site "Mumbai IND"]
[Date "2009.05.03"]
[Round "4"]
[White "Panchanathan,M"]
[Black "Nimmy,A"]
[Result "1-0"]
[WhiteElo "2462"]
[BlackElo "2226"]

1.e4 c5 2.Nf3 d6 3.d4 cxd4 4.Nxd4 Nf6 5.Nc3 Nc6 6.Bg5 e6 7.Qd2 a6 8.O-O-O h6
9.Be3 Bd7 10.f3 b5 11.Nxc6 Bxc6 12.Ne2 Be7 13.Nd4 Bb7 14.Kb1 Qc7 15.g4 Nd7
16.g5 hxg5 17.Bxg5 Ne5 18.Rg1 g6 19.Bxe7 Qxe7 20.f4 Nd7 21.Bxb5 axb5 22.Nxb5 Kf8
23.Nxd6 Nf6 24.Qc3 Kg7 25.f5 Rac8 26.Qe5 Qc7 27.fxg6 Qxc2+ 28.Ka1 Bxe4 29.gxf7+ Bg6
30.Rdf1  1-0

[Event "2nd Mayors Cup"]
[Site "Mumbai IND"]
[Date "2009.05.03"]
[Round "4"]
[White "Matta,V"]
[Black "Gupta,Ab"]
[Result "0-1"]
[WhiteElo "2317"]
[BlackElo "2570"]

1.e4 c5 2.Nf3 d6 3.d4 cxd4 4.Nxd4 Nf6 5.Nc3 Nc6 6.Bg5 e6 7.Qd2 a6 8.O-O-O Bd7
9.f4 b5 10.Bxf6 gxf6 11.Kb1 Qb6 12.Nb3 b4 13.Na4 Qc7 14.Qf2 Rb8 15.f5 Ne5
16.fxe6 Bxa4 17.Qxf6 Rg8 18.Bxa6 Rxg2 19.exf7+ Qxf7 20.Qh4 Qg6 21.Rhf1 Be7
22.Qe1 Rxh2 23.Qe3 Bc6 24.Qf4 Rxc2 25.Nd4 Rg2 26.Nxc6 Nxc6 27.Bc4 Kd7 28.Bf7 Qg7
29.Rd2 Rxd2 30.Be6+ Kc7 31.Qxd2 Qd4 32.Qc2 Rb5 33.Rd1 Rc5 34.Qe2 Bg5 35.Bb3 Qe3
36.Qf1 Qxe4+ 37.Ka1 Qf4  0-1

[Event "Moscow Region Spring GM"]
[Site "Serpukhov RUS"]
[Date "2009.05.03"]
[Round "5"]
[White "Matsenko,S"]
[Black "Kupreichik,V"]
[Result "0-1"]
[WhiteElo "2435"]
[BlackElo "2453"]

1.e4 c5 2.Nf3 Nc6 3.d4 cxd4 4.Nxd4 Nf6 5.Nc3 d6 6.Bg5 e6 7.Qd2 Be7 8.O-O-O Nxd4
9.Qxd4 a6 10.f3 Qc7 11.h4 b5 12.Kb1 Bb7 13.g4 Rc8 14.Qd2 b4 15.Bxf6 Bxf6
16.Ne2 d5 17.g5 Be7 18.exd5 Bxd5 19.Rh3 O-O 20.Nc1 a5 21.Bb5 Rfd8 22.Qe2 Qc5
23.Ba4 Bc4 24.Rxd8+ Rxd8 25.Qe1 Qf5 26.Rg3 Bd6 27.Rg4 Bd5 28.Rd4 Qxf3 29.Qd2 Be5
30.Rd3 Qe4 31.Bb5 g6 32.Qf2 Qh1 33.Qe3 Bc7 34.Qd2 Kg7 35.Qf2 Kg8 36.Qd2 Qh2
37.Qd1 Qe5 38.Ne2 Kg7 39.Nd4 Bb6 40.Ne2 Bf3 41.Rxd8 Bxe2 42.Qd6 Qxd6 43.Rxd6 Bc5
44.Rd7 Bg4 45.c4 Bb6 46.Ba4 Bf2 47.Bd1 Bh3 48.h5 Bf5+ 49.Bc2 gxh5 50.Bxf5 exf5
51.Rd5 Kg6 52.c5 h4 53.c6 Bg3 54.Rd7 h3 55.c7 Bxc7 56.Rxc7 Kxg5 57.Rc1 Kh4
58.Kc2 h2 59.Kd3 Kg3 60.Rf1 Kg2  0-1

[Event "2nd Mayors Cup"]
[Site "Mumbai IND"]
[Date "2009.05.04"]
[Round "5"]
[White "Konguvel,P"]
[Black "Kiran,M"]
[Result "1-0"]
[WhiteElo "2428"]
[BlackElo "2182"]

1.e4 c5 2.Nf3 Nc6 3.d4 cxd4 4.Nxd4 Nf6 5.Nc3 d6 6.Bg5 e6 7.Qd2 a6 8.O-O-O Be7
9.f3 Nxd4 10.Qxd4 b5 11.e5 dxe5 12.Qxe5 Qb6 13.Bd3 Qc5 14.Qxc5 Bxc5 15.Be4 Ra7
16.Bc6+ Bd7 17.Bxf6 gxf6 18.Rxd7 Rxd7 19.Rd1 Be3+ 20.Kb1 f5 21.Rxd7 O-O 22.Re7 b4
23.Ne2 a5 24.Re8 Rxe8 25.Bxe8 f6 26.c3 Kf8 27.Bb5 Ke7 28.Kc2 bxc3  1-0

[Event "2nd Mayors Cup"]
[Site "Mumbai IND"]
[Date "2009.05.05"]
[Round "6"]
[White "Iuldachev,S"]
[Black "Bakre,T"]
[Result "1/2-1/2"]
[WhiteElo "2497"]
[BlackElo "2452"]

1.e4 c5 2.Nf3 d6 3.d4 cxd4 4.Nxd4 Nf6 5.Nc3 Nc6 6.Bg5 Qb6 7.Nb3 e6 8.Qd2 Be7
9.O-O-O O-O 10.f3 Rd8 11.Be3 Qc7 12.Qf2 d5 13.exd5 Nxd5 14.Nxd5 Rxd5 15.Rxd5 exd5
16.Nd4 Nxd4 17.Bxd4 Bf5 18.Kb1 Rc8 19.Bd3 Bxd3 20.cxd3 a6 21.Bc3 Bc5 22.Qg3 Qxg3
23.hxg3 f6 24.g4 Be3 25.d4 Kf7 26.Rh5 Ke6 27.Rh1 Kf7 28.a3 h6 29.Ka2 Rc4
30.Rd1 Kg6 31.Kb3 f5 32.gxf5+ Kxf5 33.Kc2 Bg5 34.Re1 Bf6 35.Kd3 Rc8 36.Rh1 Kg6
37.g4 Bg5 38.Bd2 Bxd2 39.Kxd2 Rf8 40.Ke3 Re8+ 41.Kf2 Rc8 42.Rh5 Rc2+ 43.Kg3 Rxb2
44.Rxd5  1/2-1/2

[Event "III Open"]
[Site "La Laguna ESP"]
[Date "2009.05.06"]
[Round "4"]
[White "Karim,I"]
[Black "Lopez Pereyra,A"]
[Result "1-0"]
[WhiteElo "2407"]
[BlackElo "2106"]

1.e4 c5 2.Nf3 Nc6 3.d4 cxd4 4.Nxd4 Nf6 5.Nc3 d6 6.Bg5 e6 7.Qd2 a6 8.O-O-O Bd7
9.f3 Qa5 10.h4 Nxd4 11.Qxd4 Be7 12.Kb1 Qc7 13.Qd2 b5 14.Ne2 Rb8 15.Nd4 a5
16.Be3 h5 17.Bg5 b4 18.Bd3 a4 19.Rhe1 a3 20.b3 Ng8 21.Bc4 Bf6 22.Ne2 Bxg5
23.Qxg5 Ne7 24.Qxg7 Rg8 25.Qd4 d5 26.exd5 exd5 27.Nf4 Be6 28.Nxd5 Nxd5 29.Qxd5 Kf8
30.Rxe6 fxe6 31.Qxe6 Rg7 32.Qf5+ Rf7 33.Qxh5 Rf4 34.Qh8+  1-0

[Event "2nd Mayors Cup"]
[Site "Mumbai IND"]
[Date "2009.05.06"]
[Round "7"]
[White "Kostenko,P"]
[Black "Saravana,Kr"]
[Result "1-0"]
[WhiteElo "2490"]
[BlackElo "2326"]

1.e4 c5 2.Nf3 d6 3.Nc3 Nf6 4.d4 cxd4 5.Nxd4 Nc6 6.Bg5 Bd7 7.Qd2 h6 8.Bxf6 gxf6
9.O-O-O h5 10.f4 Bh6 11.g3 h4 12.Kb1 Nxd4 13.Qxd4 Bg7 14.Be2 Kf8 15.f5 Bc6
16.Bc4 Qa5 17.Bd5 Qd8 18.Qf2 Qb6 19.Qf4 Rc8 20.Rhg1 Be8 21.Qf3 Bh6 22.gxh4 Qe3
23.Qh5 Bg7 24.Qg4 Rh7 25.Rg3 Qh6 26.Bxb7 Rc7 27.Bd5 Qxh4 28.Qxh4 Rxh4 29.Rdg1 Rh7
30.Ne2 e6 31.fxe6 fxe6 32.Nd4 Bd7 33.Bxe6 f5 34.Bxf5 Bxf5 35.Nxf5 Be5 36.Rg8+ Kf7
37.h4 Rc4 38.Ra8 Ke6 39.Re1 Rhc7 40.Re8+ Kd7 41.Re7+ Kd8 42.Rxc7 Rxc7 43.c3  1-0

[Event "2nd Mayors Cup"]
[Site "Mumbai IND"]
[Date "2009.05.08"]
[Round "9"]
[White "Zinchenko,Ya"]
[Black "Shashikant,K"]
[Result "1-0"]
[WhiteElo "2531"]
[BlackElo "2352"]

1.e4 c5 2.Nf3 d6 3.d4 cxd4 4.Nxd4 Nf6 5.Nc3 Nc6 6.Bg5 e6 7.Qd2 a6 8.O-O-O Bd7
9.f3 Be7 10.Kb1 Rc8 11.h4 O-O 12.g4 b5 13.Be3 Nxd4 14.Bxd4 Bc6 15.g5 Nd7
16.Bh3 b4 17.Ne2 Ne5 18.Bg2 Nc4 19.Qe1 a5 20.Nc1 Qc7 21.Bf1 Ba4 22.Nb3 e5
23.Bg1 Nxb2 24.Kxb2 Qxc2+ 25.Ka1 Bxb3 26.axb3 Qxb3 27.Rh2 Qxf3 28.Rd3 Qf4
29.Rhd2 Rc4 30.Re3 Rc3 31.Rxc3 bxc3 32.Rc2 d5 33.Bh2 Qxe4 34.Qxe4 dxe4 35.Bxe5 Bb4
36.Bh3 f5 37.gxf6 Re8 38.Bd4 e3 39.Bf1 gxf6 40.Bxf6 Kf7 41.Bg5 Kg6 42.Bd3+ Kh5
43.Rg2 h6 44.Bf6  1-0

[Event "2nd Mayors Cup"]
[Site "Mumbai IND"]
[Date "2009.05.09"]
[Round "10"]
[White "Matta,V"]
[Black "Bakre,T"]
[Result "1/2-1/2"]
[WhiteElo "2317"]
[BlackElo "2452"]

1.e4 c5 2.Nf3 d6 3.d4 cxd4 4.Nxd4 Nf6 5.Nc3 Nc6 6.Bg5 Qb6 7.Nb3 e6 8.Qd2 Be7
9.Bxf6 gxf6 10.Nb5 O-O 11.O-O-O Rd8 12.Nc3 a5 13.a4 Nb4 14.h4 Bd7 15.Rh3 Kh8
16.Bb5 Bc6 17.f4 Rac8 18.Nd4 d5 19.e5 f5 20.Be2 Bc5 21.Bh5 Be8 22.b3 Bxd4
23.Qxd4 Qxd4 24.Rxd4 f6 25.Bxe8 fxe5 26.fxe5 Rxe8 27.Rd2 Rg8 28.Nb5 b6 29.Nd4 Rge8  1/2-1/2

[Event "2nd Mayors Cup"]
[Site "Mumbai IND"]
[Date "2009.05.09"]
[Round "10"]
[White "Belov,Vl"]
[Black "Deepan,C"]
[Result "1/2-1/2"]
[WhiteElo "2623"]
[BlackElo "2482"]

1.e4 c5 2.Nf3 d6 3.d4 cxd4 4.Nxd4 Nf6 5.Nc3 Nc6 6.Bg5 e6 7.Qd2 a6 8.O-O-O Bd7
9.f3 Be7 10.Be3 h5 11.Kb1 b5 12.Nxc6 Bxc6 13.Ne2 Rc8 14.Nd4 Bb7 15.Bd3 Nd7
16.h4 Ne5 17.Bg5 Nxd3 18.cxd3 Rc5 19.Bxe7 Qxe7 20.Nb3 Rc8 21.Rc1 O-O 22.Qf2 Rxc1+
23.Rxc1 Rc8 24.Rxc8+ Bxc8 25.Qc2 Qd8 26.Qc6 Kh7 27.g3 Qd7 28.Qxd7 Bxd7 29.Kc2 e5
30.Na5 Bc8 31.Nc6 f6 32.d4 g5 33.Kd3 gxh4 34.gxh4 Kg7 35.Ke3 Kf7 36.f4 Ke6
37.f5+ Kd7 38.Nb4 Bb7 39.Nd3 Kc7 40.dxe5 dxe5 41.a4 bxa4 42.Nc5 Bc8 43.Nxa4 Kd6
44.b4 Bd7 45.Nc5 Bb5 46.Kd2 Kc6 47.Nb3 Kb6 48.Kc3 Bc6 49.Nd2 Kc7 50.Kd3 Bb5+
51.Kc2 Bc6 52.Kd3 Bb5+ 53.Ke3 Kd6 54.Nb1 Bc6 55.Nc3 Kc7 56.Kd2 Kb6 57.Kc2 Kc7
58.Kb3 Kd6 59.Kc4 Be8 60.Kb3 Bc6 61.Kc4 Be8 62.b5 axb5+ 63.Nxb5+ Kc6 64.Nc3 Bf7+
65.Kb4 Kb6 66.Ne2 Kc6 67.Ng3 Kb6 68.Nf1 Kc6 69.Ne3 Kb6 70.Nc4+ Bxc4  1/2-1/2

[Event "Young Stars of the World"]
[Site "Kirishi RUS"]
[Date "2009.05.12"]
[Round "4"]
[White "Bukavshin,I"]
[Black "Ipatov,A ESP"]
[Result "1/2-1/2"]
[WhiteElo "2365"]
[BlackElo "2486"]

1.e4 c5 2.Nf3 Nc6 3.d4 cxd4 4.Nxd4 Nf6 5.Nc3 d6 6.Bg5 e6 7.Qd2 Be7 8.O-O-O Qb6
9.Ndb5 O-O 10.Qe1 Rd8 11.f4 Rd7 12.Qg3 Qd8 13.Be2 a6 14.Nxd6 Bxd6 15.Rxd6 Rxd6
16.e5 Rd7 17.Bxf6 Qf8 18.Bd3 Rxd3 19.cxd3 Bd7 20.Ne4 Nb4 21.a3 Nd5 22.Nd6 Kh8
23.Bh4 b5 24.d4 b4 25.Rf1  1/2-1/2